000 00584nam a2200229Ia 4500
003 OSt
005 20221005115100.0
006 a|||||r|||| 00| 0
007 ta
008 221004b |||||||| |||| 00| 0 ita d
024 _a61862
037 _cTextual
040 _aCRL
_cCRL
_bita
041 _2ita
_aita
082 _aO121,3H13x, 32J2
100 _aMecheri
_9627081
245 0 _aBockeshyute pranaya kathakal
260 _c1952
650 _aITALIAN LITERATURE
_962212
942 _hO121,3H13x, 32J2
_cTEXL
_2cc
999 _c1033364
_d1033364